[Event "Niederrhein-ch"]
[Site "Solingen"]
[Date "2019.04.14"]
[Round "3.9"]
[White "Soechting, Marc"]
[Black "Schrade, Achim"]
[Result "1/2-1/2"]
[WhiteElo "1465"]
[BlackElo "1681"]
[PlyCount "113"]
[EventDate "2019.04.12"]
[EventType "swiss"]
[EventRounds "7"]
[EventCountry "GER"]
[SourceTitle "EXT 2022"]
[Source "ChessBase"]
[SourceDate "2021.10.06"]
[SourceVersion "1"]
[SourceVersionDate "2021.10.06"]
[SourceQuality "1"]

1. d4 f5 2. Bg5 Nf6 3. Bxf6 exf6 4. e3 g6 5. Nf3 Bg7 6. Bc4 d5 7. Bd3 Be6 8. Nbd2 0-0 9. h4 h6 10. Nb3 Nd7 11. Qd2 Qe7 12. Rc1 c6 13. Kd1 Nb6 14. Nc5 Bf7 15. b3 Nc8 16. b4 Nd6 17. a3 Ne4 18. Bxe4 fxe4 19. Ne1 b6 20. Nb3 Be6 21. c3 Qc7 22. Kc2 Rfb8 23. Kb2 Bf8 24. Nc2 c5 25. Qe2 c4 26. Nd2 a5 27. Ra1 Qd7 28. f3 exf3 29. gxf3 Bd6 30. Qg2 Kh7 31. e4 Bf4 32. Rhg1 Rg8 33. exd5 Bxd5 34. Ne4 Raf8 35. Rae1 f5 36. Nd2 Qc6 37. Re7+ Rg7 38. Rxg7+ Kxg7 39. h5 g5 40. Re1 Re8 41. Qf2 Rxe1 42. Qxe1 Qe6 43. Qxe6 Bxe6 44. Nf1 Bf7 45. Nce3 Bxe3 46. Nxe3 Kf6 47. a4 Bxh5 48. Nd5+ Ke6 49. Nxb6 axb4 50. cxb4 Bxf3 51. a5 g4 52. a6 Ba8 53. Nxa8 g3 54. Nc7+ Kd7 55. a7 g2 56. a8Q g1Q 57. Qd5+ 1/2-1/2